<?xml version="1.0" encoding="UTF-8"?>
<marc:record xmlns:marc="http://www.loc.gov/MARC21/slim">
   <marc:leader>00000nam a2200000 a 4500</marc:leader>
   <marc:datafield ind1="1" ind2=" " tag="100">
      <marc:subfield code="a">Furre, Heidi</marc:subfield>
      <marc:subfield code="4">aut</marc:subfield>
      <marc:subfield code="e">Verfasser/-in</marc:subfield>
   </marc:datafield>
   <marc:datafield ind1="0" ind2="0" tag="245">
      <marc:subfield code="a">Macht</marc:subfield>
   </marc:datafield>
   <marc:datafield ind1="0" ind2="0" tag="245">
      <marc:subfield code="b">Roman</marc:subfield>
   </marc:datafield>
   <marc:datafield ind1="0" ind2="0" tag="245">
      <marc:subfield code="c">Heidi Furre ; aus dem Norwegischen von Karoline Hippe</marc:subfield>
   </marc:datafield>
   <marc:datafield ind1=" " ind2="1" tag="264">
      <marc:subfield code="a">Köln</marc:subfield>
      <marc:subfield code="b">DuMont</marc:subfield>
      <marc:subfield code="c">2023</marc:subfield>
   </marc:datafield>
   <marc:datafield ind1=" " ind2=" " tag="250">
      <marc:subfield code="a">Erste Auflage</marc:subfield>
   </marc:datafield>
   <marc:datafield ind1="1" ind2=" " tag="520">
      <marc:subfield code="a">Angaben aus der Verlagsmeldung

Macht : Roman Makta Furre, Macht Furre, Macht / von Heidi Furre

Liv ist Pflegerin, Mitte dreißig und führt ein scheinbar perfektes Leben in einem Osloer Einfamilienhaus. Sie liebt ihren Mann Terje und ihre beiden Kinder Rosa und Johannes. Aber was kaum jemand weiß, nicht einmal ihr Mann: Liv ist vor Jahren vergewaltigt worden. Der Gang zum Zahnarzt ist für sie eine Herausforderung, wenn sie nachts von der Bushaltestelle nach Hause läuft, muss sie Terje anrufen. Überall lauert die Angst. Liv bemüht sich, die Oberfläche frei von Kratzern zu halten. Auch wenn sie hinter der Fassade damit beschäftigt ist, ihr Trauma zu bewältigen: Sie will die Opferrolle nicht annehmen. Der Vorfall liegt ein halbes Leben zurück, warum soll er immer noch bestimmen, was sie im Hier und Jetzt tut? Doch als eine neue Patientin in ihre Klinik eingeliefert wird, deren Bruder vor Jahren wegen einer Vergewaltigung angeklagt worden ist, muss Liv ihr mühsam aufgebautes Leben verteidigen.
›Macht‹ ist ein Buch mit großer Schlagkraft, ein Text, der sich mit dem Thema sexualisierter Gewalt auseinandersetzt, aber nicht die Tat, sondern die Frau, die sie erlebt hat, in den Mittelpunkt stellt. Eindringlich schildert Heidi Furre das Nebeneinander von Zweifel und Selbstbestimmtheit, Empathie und Wut.
</marc:subfield>
   </marc:datafield>
   <marc:datafield ind1=" " ind2=" " tag="020">
      <marc:subfield code="a">9783832182229</marc:subfield>
      <marc:subfield code="9">9783832182229</marc:subfield>
   </marc:datafield>
   <marc:datafield ind1=" " ind2=" " tag="020">
      <marc:subfield code="a">3832182225</marc:subfield>
      <marc:subfield code="9">3832182225</marc:subfield>
   </marc:datafield>
   <marc:datafield ind1=" " ind2=" " tag="041">
      <marc:subfield code="a">ger</marc:subfield>
   </marc:datafield>
   <marc:datafield ind1=" " ind2=" " tag="300">
      <marc:subfield code="a">173 Seiten</marc:subfield>
   </marc:datafield>
</marc:record>
